000 00698 a2200205 4500
020 _a9780596102340
020 _a0596102348
040 _aDLC
_bDLC
100 1 _aGreene, Jennifer,
245 1 0 _aHead first PMP: electronic resource
_cJennifer Greene, Andrew Stellman.
246 3 _aHead first project management professional
260 _aSebastopol, Calif. :
_bO'Reilly,
_c2007.
500 _aIncludes index.
650 0 _aProject management
_xCertification.
650 0 _aProject management
_xExaminations
700 1 _aStellman, Andrew.
830 0 _aSafari Books Online.
856 4 _uhttp://proquest.safaribooksonline.com/?uiCode=iupui&xmlId=9780596102340
942 _cBK
_k658.404 GRE
_2ddc
999 _c9658
_d9658